Statistiques concernant Petit Bac Teen Wolf

Cliquez ici pour prendre le quiz!

Statistiques générales

  • Ce quiz a été pris 820 fois
  • Le résultat moyen est 11 sur 24

Statistiques - réponses

HintRéponse% Correct
AAlan Deaton-Allison Argent-Aiden Steiner-Adrian Harris
96%
LLiam Dunbar-Lydia Martin-Laura Hale-Lori
85%
DDerek Hale-Danny Mahealani-Deucalion
84%
SScott McCall-Stiles Stilinki-Satomi Ito-Sébastien Valet-Sydney
84%
MMelissa McCall-Mason Hewitt-Malia Tate-Mieczyslaw Stilinski-Matt Daehler-Marine Morell-Meredith Walker-Médecins de l'Horreur-Muet
82%
KKira Yukamura-Kate Argent-Kali-Ken Yukimura
76%
CChris Argent-Cora Hale-Coach Bobby Finstock-Corey Bryant-Caitlin-Cavaliers Fantômes
74%
EErica Reyes -Ethan Steiner-Ennis-Emily
68%
JJackson Whittemore-Jennifer Blake-Jordan Parrish-Josh Diaz
65%
PPeter Hale-Paige Krasikeva
55%
BBraeden-Bobby Finstock-Brett Talbot-Bête du Gévaudan
54%
GGérard Argent-Garrett Douglas-Garrison Myers
52%
NNoah Stilinski-Nolan Holloway-Natalie Martin-Noshiko Yukimura-Nogistune
51%
IIsaac Lahey
49%
TThéo Raeken-Tamora Monroe-Tracy Stewart
49%
HHayden Romero-Heather
42%
VVernon Boyd-Victoria Argent-Valack
17%
RRafael McCall-Reddick
11%
OOni
7%
WWilliam Barrow
4%
ZZack
4%
FFrederick Hale
2%
QQuinn
2%
UUnger
1%

Distribution des résultats

Percentile par nombre de réponses

% des personnes avec chaque résultat

Votre développement - résultats

Vous n’avez pas pris ce quiz